| 000 | 00897nam a2200217Ia 4500 | ||
|---|---|---|---|
| 999 |
_c42286 _d42286 |
||
| 001 | 8981 | ||
| 003 | GE_BSU | ||
| 005 | 20251121150127.0 | ||
| 008 | 181216s1965||||ge |||||||||||||| ||geo|| | ||
| 040 | _cGE_BSU | ||
| 041 | _ageo | ||
| 080 | _a821.353.1–1 კ–42 | ||
| 100 |
_aკეშელავა, ბონდო _926299 |
||
| 245 |
_aჩემო კარგო ქვეყანავ : _bლექსები / _cბ. კეშელავა; რედ. შ.ფოჩხიძე; მხატვ. ვ.მდინარაძე. |
||
| 264 |
_aთბილისი : _bსაბჭოთა საქართველო, _c1965. |
||
| 300 |
_a255 გვ.; _b16 სმ. |
||
| 653 | _aლექსები | ||
| 700 |
_aფოჩხიძე, შ. _eავტორი _926300 |
||
| 700 |
_aმდინარაძე, ვ. _eმხატვარი _926301 |
||
| 942 |
_cBK _2udc |
||